| 000 | 00751nam a22002057a 4500 | ||
|---|---|---|---|
| 999 |
_c11330 _d11330 |
||
| 003 | AR-CdUCM | ||
| 008 | 190325b ||||| |||| 00| 0 spa d | ||
| 040 |
_aMUNICIPALIDAD PROVINCIAL DEL CUSCO _cBIBLIOTECA MUNICIPAL DEL CUSCO |
||
| 082 |
_22 ed. _aES / 375.23 / _bN98 |
||
| 100 |
_aNuñez del Prado Tió, Gustavo _928648 |
||
| 245 | _aEstadística aplicada a la educación / | ||
| 260 |
_aCusco : _bGarcilaso, _c1961. |
||
| 300 |
_a218 páginas ; _c23 cm. |
||
| 505 | _aContenido : Definiciones -- Elaboración estadística -- Presentacion o exposicion de los datos -- Distribución de los datos estadísticos ... | ||
| 650 |
_aKhipu _924115 |
||
| 650 |
_aEstadística _95668 |
||
| 650 |
_aEducación _9460 |
||
| 942 |
_2ddc _cLIBROS |
||
| 945 | _arum | ||